MARC

LEADER 00000nam0a2200000 4500
001 307086
005 20231102001946.0
010 |a 3326000774 
035 |a (RuTPU)RU\TPU\book\332379 
035 |a RU\TPU\book\161448 
090 |a 307086 
100 |a 20151015d1983 m y0gery50 ba 
101 0 |a ger 
102 |a DE 
105 |a a j 001zy 
200 1 |a Anorganikum  |e Lerh- und Praktikumsbuch der anorganischen Chemie mit einer Einführung in die physikalische Chemie  |h Teil 2 
205 |a 9th ed. 
210 |a Berlin  |c Veb Deutscher Veriag der Wissenschaften  |d 1983 
215 |a 1292 s.  |c ил. 
320 |a Literatur: p. 1259-1268 
606 1 |a Неорганическая химия  |2 stltpush  |3 (RuTPU)RU\TPU\subj\67586  |9 83311 
610 1 |a химия 
610 1 |a химические элементы 
610 1 |a физическая химия 
610 1 |a химический анализ 
610 1 |a качественный анализ 
610 1 |a количественный анализ 
610 1 |a химические вещества 
610 1 |a методы 
610 1 |a лаборатории 
610 1 |a оборудование 
610 1 |a материалы 
610 1 |a температура 
610 1 |a лабораторные работы 
610 1 |a препаративная химия 
610 1 |a препаративная работа 
610 1 |a технология 
610 1 |a немецкий язык 
610 1 |a учебные пособия 
675 |a 546(075.8)  |v 3 
801 1 |a RU  |b 63413507  |c 20081210  |g PSBO 
801 2 |a RU  |b 63413507  |c 20190916  |g PSBO 
942 |c BK